书目信息 |
| 题名: |
傅雷家书
|
|
| 作者: | 傅雷 著 ;吴洁 改编 | |
| 分册: | ||
| 出版信息: | 长春 吉林出版集团有限责任公司 2013.1 |
|
| 页数: | 184页 | |
| 开本: | 21cm | |
| 丛书名: | 名著名师推荐导读本 | |
| 单 册: | ||
| 中图分类: | K825.6 , G78 | |
| 科图分类: | ||
| 主题词: | 傅雷--书信集 , 教育--类型 | |
| 电子资源: | ||
| ISBN: | 978-7-5463-8210-4 | |
| 000 | 00719nam0 2200277 45 | |
| 001 | 352009 | |
| 005 | 20161017161630.10 | |
| 010 | @a978-7-5463-8210-4@dCNY15.90 | |
| 100 | @a20160321d2015 ekmy0chiy50 ea | |
| 101 | 0 | @achi |
| 102 | @aCN@b220000 | |
| 105 | @ay z 000yy | |
| 106 | @ar | |
| 200 | 1 | @a傅雷家书@f傅雷著@g吴洁改编 |
| 210 | @a长春@c吉林出版集团有限责任公司@d2013.1 | |
| 215 | @a184页@d21cm | |
| 225 | 2 | @a名著名师推荐导读本@f张炜杰主编 |
| 410 | 0 | @12001 @a名著名师推荐导读本 |
| 606 | 0 | @a傅雷@x书信集 |
| 606 | 0 | @a教育@x类型 |
| 690 | @aK825.6@v5 | |
| 690 | @aG78@v4 | |
| 701 | 0 | @a傅雷@4著 |
| 702 | 0 | @a吴洁@4改编 |
| 801 | 0 | @aCN@bTANGWEI@c20161010 |
| 905 | @b0897638-40@dG78@e11≈3@f3 | |
| 傅雷家书/傅雷著/吴洁改编.-长春:吉林出版集团有限责任公司,2013.1 |
| 184页;21cm.-(名著名师推荐导读本/张炜杰主编) |
| ISBN 978-7-5463-8210-4:CNY15.90 |
| ● |
| 相关链接 |
|
|
|
|
正题名:傅雷家书
索取号:G78/11≈3
 
预约/预借
| 序号 | 登录号 | 条形码 | 馆藏地/架位号 | 状态 | 备注 |
| 1 | 0897638 | 208976385 | 第一样本阅览室/ [索取号:G78/11≈3] | 在馆 | |
| 2 | 0897639 | 208976394 | 第四借阅区/ [索取号:G78/11≈3] | 在馆 | |
| 3 | 0897640 | 208976401 | 第四借阅区/ [索取号:G78/11≈3] | 在馆 |